Govt. of
Madhya Pradesh

Moral Tales From Bhagwat (Record no. 68424)

MARC details
000 -LEADER
fixed length control field 00262nam a22001097a 4500
082 ## - DEWEY DECIMAL CLASSIFICATION NUMBER
Classification number 741.642
100 ## - MAIN ENTRY--AUTHOR NAME
Personal name Joshi,Amraendra
245 ## - TITLE STATEMENT
Title Moral Tales From Bhagwat
260 ## - PUBLICATION, DISTRIBUTION, ETC. (IMPRINT)
Place of publication Delhi
Name of publisher Adhunik Shabd Shilpi
Year of publication 2016
650 ## - SUBJECT ADDED ENTRY--TOPICAL TERM
Topical Term children book
942 ## - ADDED ENTRY ELEMENTS (KOHA)
Koha item type Books
Holdings
Withdrawn status Lost status Damaged status Not for loan Home library Current library Date acquired Cost, normal purchase price Full call number Accession Number Price effective from Koha item type
        MACL MACL 09/11/2025 450.00 741.642 CRE001914 09/11/2025 Books